000 00550nam a2200145Ia 4500
008 191108s9999 xx 000 0 und d
020 _a978-0-794-60006-8
100 _aMatsuhisa, Nobuyuki
245 _cNobuyuki Matsuhisa.--
_aTropical Asian cooking.--
_bExotic flavors from Equatorial Asia /
260 _aSingapore :
_bPeriplus Editions ; North Clarendon, VT, USA : Tuttle,
_c2002.
300 _a192 pages :
_bcolored illustrations
_c29.5 cm.
500 _aIncludes glossary and index.
650 _aCooking, Asian.
650 _aCooking, Tropical.
999 _c362555
_d362555